Madden NFL 22 Top 50 WRs - Statistics

General Stats
  • This quiz has been taken 3,404 times
    3,365 since last reset
  • The average score is 34 of 50
Answer Stats
Club Overall Player % Correct
Green Bay Packers 99 Davante Adams
99%
Buffalo Bills 97 Stefon Diggs
98%
Kansas City Chiefs 97 Tyreek Hill
98%
Arizona Cardinals 98 DeAndre Hopkins
96%
Los Angeles Rams 91 Cooper Kupp
95%
Tampa Bay Buccaneers 91 Mike Evans
95%
Los Angeles Chargers 93 Keenan Allen
94%
Seattle Seahawks 90 D.K. Metcalf
93%
New Orleans Saints 92 Michael Thomas
91%
Minnesota Vikings 88 Justin Jefferson
90%
Dallas Cowboys 93 Amari Cooper
89%
Tampa Bay Buccaneers 88 Chris Godwin
89%
Washington Football Team 90 Terry McLaurin
89%
Dallas Cowboys 83 CeeDee Lamb
88%
Tennessee Titans 86 A.J. Brown
86%
Tampa Bay Buccaneers 89 Antonio Brown
86%
Seattle Seahawks 88 Tyler Lockett
86%
Baltimore Ravens 83 Marquise Brown
85%
Minnesota Vikings 87 Adam Thielen
82%
Tennessee Titans 89 Julio Jones
80%
San Francisco 49ers 86 Deebo Samuel
79%
Jacksonville Jaguars 82 Marvin Jones Jr.
77%
Carolina Panthers 85 D.J. Moore
75%
Washington Football Team 80 Curtis Samuel
74%
Cleveland Browns 85 Odell Beckham Jr.
73%
Los Angeles Chargers 85 Mike Williams
72%
Cincinnati Bengals 82 Ja'Marr Chase
70%
Houston Texans 87 Brandin Cooks
67%
Atlanta Falcons 87 Calvin Ridley
65%
New York Jets 81 Corey Davis
65%
Denver Broncos 84 Courtland Sutton
64%
Pittsburgh Steelers 83 Diontae Johnson
61%
Cleveland Browns 84 Jarvis Landry
58%
Chicago Bears 85 Allen Robinson II
57%
Pittsburgh Steelers 81 Juju Smith-Schuster
55%
Cincinnati Bengals 83 Tyler Boyd
55%
Los Angeles Rams 86 Robert Woods
52%
Buffalo Bills 86 Cole Beasley
48%
Dallas Cowboys 81 Michael Gallup
47%
Las Vegas Raiders 80 Hunter Renfrow
45%
Indianapolis Colts 82 T.Y. Hilton
45%
New York Giants 84 Sterling Shepard
40%
New York Giants 84 Kenny Golladay
39%
Miami Dolphins 82 DeVante Parker
37%
Carolina Panthers 81 Robby Anderson
36%
Arizona Cardinals 81 A.J. Green
35%
Arizona Cardinals 80 Christian Kirk
34%
Buffalo Bills 83 Emmanuel Sanders
23%
New York Jets 80 Jamison Crowder
18%
Miami Dolphins 82 Will Fuler V
2%
No matching quizzes found
Score Distribution
Percent of People with Each Score
Percentile by Number Answered
Your Score History
You have not taken this quiz since the last reset